Music Quiz

Random Music or Animal Quiz

Rock Lobster Animals Quiz Stats

 Plays Quiz Updated Feb 28, 2020

     
Support Sporcle.
Go Orange.
Score 0/15 Timer 04:00
0 Plays Today
Lyric Answer % Correct
It was a ~~Rock lobster
91.2%
He was in a jam, he's in a ~~Giant clam
57.3%
Here comes a bikini ~~Whale
56.2%
In walked a ~~Jellyfish
33%
~~Wailin'Dolphins
32.9%
Chased by a ~~Catfish
31.6%
There goes a ~~Dogfish
29.6%
There goes a ~~Narwhal
26.9%
Lyric Answer % Correct
Here comes a ~~Stingray
25%
There goes a ~~Manta ray
22.3%
Watch out for that ~~Piranha
21.1%
In flew a ~~Sea robin
17.3%
~~Sailin'Seahorse
14.9%
~~Flexin'Mussels
12.4%
~~Snappin'Red snapper
10.1%

From the Vault

Ultimate Geography Challenge 'C'

by Headers2304

Geo buffs, let's C what you can do here!
Remove Ads.
Support Sporcle.
Get the best of Sporcle when you Go Orange. This ad-free experience offers more features, more stats, and more fun while also helping to support Sporcle. Thank you for becoming a member.

Show Comments

Extras

Top Quizzes Today


Score Distribution

Your Account Isn't Verified!

In order to create a playlist on Sporcle, you need to verify the email address you used during registration. Go to your Sporcle Settings to finish the process.

Report this User

Report this user for behavior that violates our Community Guidelines.

Details: